The informatization of educational institutions : (Registro nro. 155009)
[ vista simple ]
| 000 -CABECERA | |
|---|---|
| campo de control de longitud fija | 00408nam a2200133 a 4500 |
| 005 - FECHA Y HORA DE LA ÚLTIMA TRANSACCIÓN | |
| campo de control | 20210219161316.0 |
| 008 - ELEMENTOS DE LONGITUD FIJA--INFORMACIÓN GENERAL | |
| campo de control de longitud fija | 120110s2000 mx r 000 0 spa d |
| 035 ## - NÚMERO DE CONTROL DEL SISTEMA | |
| Número de control de sistema | UPN01000182906 |
| 049 ## - COLECCIÓN | |
| Colección | UNE |
| 080 #4 - NÚMERO DE CLASIFICACIÓN DECIMAL UNIVERSAL | |
| Número de la Clasificación Decimal Universal | 37. 014: 681. 3 (497) .1 =20 INF |
| 245 04 - MENCIÓN DE TÍTULO | |
| Título | The informatization of educational institutions : |
| Resto del título | Vesna project |
| 260 ## - PUBLICACIÓN, DISTRIBUCIÓN, ETC. | |
| Lugar de publicación, distribución, etc. | Yugoeslavia |
| Nombre del editor, distribuidor, etc. | The board of Education of SR Slovenia |
| 300 ## - DESCRIPCIÓN FÍSICA | |
| Extensión | 4 p. |
| Estado de retiro | Estado de pérdida | Fuente del sistema de clasificación o colocación | Estado dañado | No para préstamo | Código de colección | Localización permanente | Ubicación/localización actual | Ubicación en estantería | Fecha de adquisición | Clasificación | Código de barras | Fecha visto por última vez | Número de copia | Tipo de ítem Koha |
|---|---|---|---|---|---|---|---|---|---|---|---|---|---|---|
| Library of Congress Classification | Disponible (Préstamo en sala) | UNESCO | Bib. Gregorio Torres Quintero | Bib. Gregorio Torres Quintero | Colecciones especiales Planta alta | 03/02/2023 | 37. 014: 681. 3 (497) .1 =20 INF | U5730 | 31/12/2020 | 1 | Libro |